000 00463nam a2200193Ia 4500
008 151119s9999||||xx |||||||||||||| ||und||
082 _a891.463
082 _bGKKV9244
100 _aतिबिले अनंत
245 _aवैर
260 _a--
260 _b--
260 _c1994
600 _aतिबिले अनंत
630 _aवैर
700 _aतिबिले अनंत
730 _aवैर
942 _cBOOK
999 _c1063572
_d1063569